00535nam a2200169 a 4500001000400000003000900004008004100013040002800054082001300082100002800095245002200123260003800145300001000183490001600193505013900209650001700348938CO-ViMGA141112s2004 ck r 000 u spa d aCO-ViMGAbspacCO-ViMGA04a364 C3221 aCescaldi, Piere Fernand10aLa criminología aBarcelona : bOikos - tau, c1971 a123 p aQue se?, 49 aMetodo y metodos 13 - - Filiación e identificación 33 - - Manchas y huellas 47 - - Tiros 69 - - Fuegos 87 - - Falsificaciones 98 14aCRIMINOLOGIA